<?xml version="1.0" encoding="UTF-8"?>
<record
    xmlns:xsi="http://www.w3.org/2001/XMLSchema-instance"
    xsi:schemaLocation="http://www.loc.gov/MARC21/slim http://www.loc.gov/standards/marcxml/schema/MARC21slim.xsd"
    xmlns="http://www.loc.gov/MARC21/slim">

  <leader>01105nam a2200241 a 4500</leader>
  <controlfield tag="001">77810</controlfield>
  <controlfield tag="003">BD-RjUL</controlfield>
  <controlfield tag="005">20211209083029.0</controlfield>
  <controlfield tag="008">210119s1999    lu ||||| |||| 00| 0 ara d</controlfield>
  <datafield tag="035" ind1=" " ind2=" ">
    <subfield code="a">(BD-RjUL)78036</subfield>
  </datafield>
  <datafield tag="040" ind1=" " ind2=" ">
    <subfield code="a">BD-RjUL</subfield>
    <subfield code="b">eng</subfield>
    <subfield code="c">BD-RjUL</subfield>
    <subfield code="d">BD-RjUL</subfield>
  </datafield>
  <datafield tag="041" ind1=" " ind2=" ">
    <subfield code="a">eng</subfield>
  </datafield>
  <datafield tag="082" ind1=" " ind2=" ">
    <subfield code="2">23</subfield>
    <subfield code="a">297.562203</subfield>
    <subfield code="b">MOM 1999</subfield>
  </datafield>
  <datafield tag="100" ind1=" " ind2=" ">
    <subfield code="a">Mun&#x2BB;im, Ma&#x1E25;m&#x16B;d &#x2BB;Abd al-Ra&#x1E25;m&#x101;n   &#x627;&#x644;&#x645;&#x646;&#x639;&#x645;&#x60C; &#x645;&#x62D;&#x645;&#x648;&#x62F; &#x639;&#x628;&#x62F; &#x627;&#x644;&#x631;&#x62D;&#x645;&#x646;</subfield>
    <subfield code="9">243709</subfield>
  </datafield>
  <datafield tag="245" ind1="1" ind2="0">
    <subfield code="a">Mu&#x2BB;jam al-mu&#x1E63;&#x1E6D;ala&#x1E25;&#x101;t wa-al-alf&#x101;&#x1E93; al-fiqh&#x12B;yah  /  &#x645;&#x639;&#x62C;&#x645; &#x627;&#x644;&#x645;&#x635;&#x637;&#x644;&#x62D;&#x627;&#x62A; &#x648;&#x627;&#x644;&#x627;&#x644;&#x641;&#x627;&#x638; &#x627;&#x644;&#x641;&#x642;&#x647;&#x64A;&#x629; /</subfield>
    <subfield code="c">&#x2BB;Abd al-Mun&#x2BB;im, Ma&#x1E25;m&#x16B;d &#x2BB;Abd al-Ra&#x1E25;m&#x101;n &#x645;&#x62D;&#x645;&#x648;&#x62F; &#x639;&#x628;&#x62F; &#x627;&#x644;&#x631;&#x62D;&#x645;&#x646; &#x639;&#x628;&#x62F; &#x627;&#x644;&#x645;&#x646;&#x639;&#x645;. </subfield>
  </datafield>
  <datafield tag="260" ind1=" " ind2=" ">
    <subfield code="a">Lebanon :</subfield>
    <subfield code="b">&#x62F;&#x627;&#x631; &#x627;&#x644;&#x641;&#x636;&#x64A;&#x644;&#x629;&#x60C;</subfield>
    <subfield code="c">1999</subfield>
  </datafield>
  <datafield tag="300" ind1=" " ind2=" ">
    <subfield code="a"> V. ;</subfield>
    <subfield code="c">25 cm</subfield>
  </datafield>
  <datafield tag="505" ind1=" " ind2=" ">
    <subfield code="a">Vol. 1. Harfil Alif- Haa.-- v.2. Harfil Kha - Aiin.--                                           v. 3. Harfil gain-iya.--</subfield>
  </datafield>
  <datafield tag="650" ind1=" " ind2=" ">
    <subfield code="a">Islamic law  (jurisprudential terms and expressions)</subfield>
    <subfield code="v">Dictionaries.</subfield>
    <subfield code="9">243710</subfield>
  </datafield>
  <datafield tag="650" ind1=" " ind2=" ">
    <subfield code="a">Islam </subfield>
    <subfield code="v">Dictionaries.</subfield>
    <subfield code="9">243711</subfield>
  </datafield>
  <datafield tag="650" ind1=" " ind2=" ">
    <subfield code="a">Arabic language</subfield>
    <subfield code="v">Dictionaries.</subfield>
    <subfield code="9">243712</subfield>
  </datafield>
  <datafield tag="942" ind1=" " ind2=" ">
    <subfield code="2">ddc</subfield>
    <subfield code="c">REF</subfield>
  </datafield>
  <datafield tag="999" ind1=" " ind2=" ">
    <subfield code="c">77810</subfield>
    <subfield code="d">77810</subfield>
  </datafield>
  <datafield tag="952" ind1=" " ind2=" ">
    <subfield code="0">0</subfield>
    <subfield code="1">0</subfield>
    <subfield code="2">ddc</subfield>
    <subfield code="4">0</subfield>
    <subfield code="7">1</subfield>
    <subfield code="8">REF</subfield>
    <subfield code="a">RUCL</subfield>
    <subfield code="b">RUCL</subfield>
    <subfield code="c">Reference</subfield>
    <subfield code="d">2009-11-17</subfield>
    <subfield code="e">Ahsania mission , Dhaka</subfield>
    <subfield code="g">666.66</subfield>
    <subfield code="l">0</subfield>
    <subfield code="o">AR 297.562203 MOM V-1 1999</subfield>
    <subfield code="r">2021-01-19 00:00:00</subfield>
    <subfield code="t">C-1</subfield>
    <subfield code="w">2021-01-19</subfield>
    <subfield code="y">REF</subfield>
  </datafield>
  <datafield tag="952" ind1=" " ind2=" ">
    <subfield code="0">0</subfield>
    <subfield code="1">0</subfield>
    <subfield code="2">ddc</subfield>
    <subfield code="4">0</subfield>
    <subfield code="7">1</subfield>
    <subfield code="8">REF</subfield>
    <subfield code="a">RUCL</subfield>
    <subfield code="b">RUCL</subfield>
    <subfield code="c">Reference</subfield>
    <subfield code="d">2009-11-17</subfield>
    <subfield code="e">Ahsania mission , Dhaka</subfield>
    <subfield code="g">666.66</subfield>
    <subfield code="l">0</subfield>
    <subfield code="o">AR 297.562203 MOM V-2 1999</subfield>
    <subfield code="r">2021-01-19 00:00:00</subfield>
    <subfield code="t">C-1</subfield>
    <subfield code="w">2021-12-09</subfield>
    <subfield code="y">REF</subfield>
  </datafield>
  <datafield tag="952" ind1=" " ind2=" ">
    <subfield code="0">0</subfield>
    <subfield code="1">0</subfield>
    <subfield code="2">ddc</subfield>
    <subfield code="4">0</subfield>
    <subfield code="7">1</subfield>
    <subfield code="8">REF</subfield>
    <subfield code="a">RUCL</subfield>
    <subfield code="b">RUCL</subfield>
    <subfield code="c">Reference</subfield>
    <subfield code="d">2009-11-17</subfield>
    <subfield code="e">Ahsania mission , Dhaka</subfield>
    <subfield code="g">666.66</subfield>
    <subfield code="l">0</subfield>
    <subfield code="o">AR 297.562203 MOM V-3 1999</subfield>
    <subfield code="r">2021-01-19 00:00:00</subfield>
    <subfield code="t">C-1</subfield>
    <subfield code="w">2021-12-09</subfield>
    <subfield code="y">REF</subfield>
  </datafield>
  <datafield tag="952" ind1=" " ind2=" ">
    <subfield code="0">0</subfield>
    <subfield code="1">0</subfield>
    <subfield code="2">ddc</subfield>
    <subfield code="4">0</subfield>
    <subfield code="7">0</subfield>
    <subfield code="8">NFIC</subfield>
    <subfield code="a">RUCL</subfield>
    <subfield code="b">RUCL</subfield>
    <subfield code="c">Stack</subfield>
    <subfield code="d">2006-07-19</subfield>
    <subfield code="e">paragon International , Dhaka</subfield>
    <subfield code="g">65.00</subfield>
    <subfield code="l">0</subfield>
    <subfield code="o">AR 297.562203 MOM V-2 1999</subfield>
    <subfield code="r">2021-02-08 00:00:00</subfield>
    <subfield code="t">C-2</subfield>
    <subfield code="w">2021-12-09</subfield>
    <subfield code="y">REF</subfield>
  </datafield>
  <datafield tag="952" ind1=" " ind2=" ">
    <subfield code="0">0</subfield>
    <subfield code="1">0</subfield>
    <subfield code="2">ddc</subfield>
    <subfield code="4">0</subfield>
    <subfield code="7">0</subfield>
    <subfield code="8">NFIC</subfield>
    <subfield code="a">RUCL</subfield>
    <subfield code="b">RUCL</subfield>
    <subfield code="c">Stack</subfield>
    <subfield code="d">2006-07-19</subfield>
    <subfield code="e">paragon International , Dhaka</subfield>
    <subfield code="g">65.00</subfield>
    <subfield code="l">0</subfield>
    <subfield code="o">AR 297.562203 MOM V-3 1999</subfield>
    <subfield code="r">2021-03-01 00:00:00</subfield>
    <subfield code="t">C-2</subfield>
    <subfield code="w">2021-12-09</subfield>
    <subfield code="y">REF</subfield>
  </datafield>
  <datafield tag="952" ind1=" " ind2=" ">
    <subfield code="0">0</subfield>
    <subfield code="1">0</subfield>
    <subfield code="2">ddc</subfield>
    <subfield code="4">0</subfield>
    <subfield code="7">0</subfield>
    <subfield code="8">NFIC</subfield>
    <subfield code="a">RUCL</subfield>
    <subfield code="b">RUCL</subfield>
    <subfield code="c">Stack</subfield>
    <subfield code="d">2006-07-19</subfield>
    <subfield code="e">paragon International , Dhaka</subfield>
    <subfield code="g">65.00</subfield>
    <subfield code="l">0</subfield>
    <subfield code="o">AR 297.562203 MOM V 1 1999</subfield>
    <subfield code="r">2021-03-01 00:00:00</subfield>
    <subfield code="t">C-2</subfield>
    <subfield code="w">2021-12-09</subfield>
    <subfield code="y">BK</subfield>
  </datafield>
</record>
